000 00566nam a22001697a 4500
005 20251108171111.0
008 250721s1980 xx 000 0 ara d
082 1 4 _a811.3/عبد
100 1 _aسيد الأهل، عبد العزيز
_eكاتب سيناريو
245 1 0 _aمن الشعر المنسوب إلى الإمام الوصي علي بن أبي طالب عليه السلام /
250 _aط2
264 1 _aبيروت :
_bدار صادر،
_c1980.
300 _a171ص
650 1 7 _aالشعر الإسلامي
942 _2ddc
_cBK
999 _c56596
_d56596